Classic Clickable Commercials Quiz Stats

Quiz Updated Mar 22, 2013

Challenge
Share
Tweet
Embed
Score 0/25 Timer 05:00
2 Plays Today
% Correct
Kellogg's Frosted Flakes
91.9%
Kentucky Fried Chicken
91.1%
LifeCall
81.5%
Timex
81.2%
Burger King
81.2%
Wendy’s
80.3%
Grey Poupon
77.5%
Life cereal
75.6%
Charmin
70.3%
Grape Nuts cereal
69.1%
E. F. Hutton
62.7%
Brylcreem
58.6%
M&M’s
55%
% Correct
Sara Lee
53.6%
Pepsodent
49.3%
Hertz
47.5%
Palmolive
47%
Alka Seltzer
44.9%
Winston
43.1%
Mr. Bubble
31.1%
Calgon
28.6%
Ajax
24.3%
Geritol
22.4%
Tareyton
22%
Vicks Formula 44
17.7%

You're not logged in!

Compare scores with friends on all Sporcle quizzes.
Join for Free
OR
Log In

You Might Also Like...

Show Comments

Extras

Top Quizzes Today


Score Distribution

Your Account Isn't Verified!

In order to create a playlist on Sporcle, you need to verify the email address you used during registration. Go to your Sporcle Settings to finish the process.

Report this User

Report this user for behavior that violates our Community Guidelines.

Details: